| 000 | 00414nam a22001577a 4500 | ||
|---|---|---|---|
| 005 | 20240430020549.0 | ||
| 008 | 240430b |||||||| |||| 00| 0 eng d | ||
| 020 | _a9789557743035 | ||
| 082 |
_222 _a331 |
||
| 100 | _aJayawardena, Kumari | ||
| 245 |
_aLabour, Feminism & Ethnicity in Sri Lanka: _cKumari, Jayawardena |
||
| 260 |
_aColombo _bSailfish _c2017 |
||
| 300 | _a352, p ., | ||
| 650 | _aFeminism | ||
| 942 | _cL | ||
| 999 |
_c5874 _d5874 |
||